000 00533nam a2200193Ia 4500
003 LK-CoDNM
005 20240313110355.0
008 010623t1901 xxu||||| |||| 00| 1 sin d
040 _aLK-CoDNM
_dLK-CoDNM
_eLK-CoDNM
041 _asin
080 _a104 DD1
245 _aබැප්ටිස්ට් ප්‍ර‍වෘත්ති
246 _aBaptist Intelligencer
260 _bAlliance press
_aColombo
_c1901-May
300 _bDamaged
_a8p.,27 cm
650 _aCeylon baptist union
650 _aChristian
942 _cBK
999 _c85262
_d85262